biggest countries in africa - Statistics

General Stats
  • This quiz has been taken 13 times
  • The average score is 10 of 10
Answer Stats
Hint Answer % Correct
1 Algeria
100%
5 Chad
100%
4 Libya
100%
6 Niger
100%
9 South Africa
100%
3 Sudan
100%
2 DR Congo
91%
10 Ethiopia
91%
8 Mali
91%
7 Angola
82%
No matching quizzes found
Score Distribution
Percent of People with Each Score
Percentile by Number Answered
Your Score History
You have not taken this quiz